|
|
|
|
| LEADER |
00000nab a2200000uu 4500 |
| 001 |
vtls011139957 |
| 003 |
SK-MaSNL |
| 005 |
20260305010318.0 |
| 008 |
230218|2012 xo |||||||||||||||||cze| |
| 015 |
|
|
|a SNBRB
|
| 035 |
|
|
|a (urnnbn)urn:nbn:sk:snk:ar-007xma
|
| 035 |
|
|
|a (uuid)92933394-1308-41cd-b51e-ea7308ca37cc
|
| 035 |
|
|
|a urn:nbn:sk:snk-abas06
|
| 040 |
|
|
|a SNKBUCL
|b slo
|c SNKBUCL
|e AACR2
|
| 041 |
0 |
|
|a cze
|
| 044 |
|
|
|a xo
|c SK
|
| 100 |
1 |
|
|a Bernatonienė, Jurga
|4 aut
|9 1148735
|
| 245 |
1 |
0 |
|a Kompatibilita fosforečnanů se solemi vápníku v parenterální výživě
|c Jurga Bernatonienė, Marek Vecka, Michal Janů, Ruta Masteiková
|
| 246 |
3 |
|
|a Compatibility of phosphates with calcium salts in parenteral nutrition
|
| 700 |
1 |
|
|a Vecka, Marek,
|d 1976-
|4 aut
|9 245618
|
| 700 |
1 |
|
|a Janů, Michal
|4 aut
|9 1585613
|
| 700 |
1 |
|
|a Masteiková, Ruta
|4 aut
|9 1148558
|
| 773 |
0 |
|
|t Česká a slovenská farmacie : časopis České farmaceutické společnosti a Slovenské farmaceutické společnosti
|g Roč. 61, č. 1-2 (2012), s. 34-39
|
| 954 |
|
|
|a odborná, vedecká literatúra cudzojazyčná (svetová)
|2 lita
|
| 958 |
|
|
|a OND
|
| 958 |
|
|
|a EUIPO
|
| 958 |
|
|
|a article14
|
| 999 |
|
|
|c 3245921
|d 3247851
|